| 000 | 00347nam a2200109Ia 4500 | ||
|---|---|---|---|
| 008 | 230320s9999||||xx |||||||||||||| ||spa|| | ||
| 082 | _a320.98/N84 | ||
| 100 | _aNoticias Aliadaslatinoamerica Press | ||
| 245 | 0 | _aActores De Cambio En America Latina | |
| 260 | _bASOCIACION CIVIL NOTICIAS ALIADASNOTICIAS ALIADASLATINOAMERICA PRESS | ||
| 942 |
_80 _cLIB |
||
| 999 |
_c38868 _d38868 |
||